000 00478nam a2200169Ia 4500
005 20250424120315.0
008 250424s9999 xx 000 0 und d
022 _a01899562
050 _aPN 3171 .N54/
245 0 _aNigerian theatre journal
260 _aOwerri, Imo State.
260 _bSociety of Nigerian Theatre Artists
260 _c2014
300 _a158 p. ; 25 cm.
650 _aTheater--Nigeria--Periodicals. Nigeria. Theater--Periodicals. Theater
942 _cSR
999 _c38571
_d38571